| 000 | 00943nam a2200229 a 4500 | ||
|---|---|---|---|
| 001 | 56152 | ||
| 003 | BD-RjUL | ||
| 005 | 20211209080347.0 | ||
| 008 | 161127s19581957ii ||||| |||| 00| 0 ben d | ||
| 035 | _a(BD-RjUL)56276 | ||
| 040 |
_aBD-RjUL _bben _cBD-RjUL |
||
| 041 | _aben | ||
| 082 |
_223 _a891.442 _bBAD 1958 |
||
| 100 |
_aবৈরাগী, ধনঞ্জয় _9167150 |
||
| 245 | 1 | 0 |
_aধৃতরাষ্ট্র : _bতিন অঙ্কে সম্পূর্ণ / _cধনঞ্জয় বৈরাগী |
| 260 |
_aকলিকাতা : _bআর্ট অ্যান্ড লেটার্স, _c১৯৫৭ [মুদ্রণ ১৯৫৮] |
||
| 300 |
_a১৩০ পৃ. ; _c১৭ সেমি . |
||
| 650 |
_aবাংলা নাটক _9167151 |
||
| 650 |
_aBengali Drama _9167152 |
||
| 700 |
_aমিত্র, প্রেমেন্দ্র, ভূমিকা _9167153 |
||
| 942 |
_2ddc _cBK |
||
| 999 |
_c56152 _d56152 |
||